000 00609nam a2200181Ia 4500
008 151018s9999 xx 000 0 und d
082 _bRBASDV34029
_a910
100 _aगो प्र भावे
245 _aस्वस्तिक अँटलास
250 _b1
260 _bस्वस्तिक पब्लिकेशन हाउस
_c1941
300 _a20
600 _aगो प्र भावे
630 _aस्वस्तिक अँटलास
700 _aगो प्र भावे
730 _aस्वस्तिक अँटलास
942 _cBOOK
999 _c1033522
_d1033519